|
|
|
|
| LEADER |
00000nam0a2200000 4500 |
| 001 |
203584 |
| 005 |
20231101225147.0 |
| 010 |
|
|
|a 9785941782369
|
| 035 |
|
|
|a (RuTPU)RU\TPU\book\221866
|
| 090 |
|
|
|a 203584
|
| 100 |
|
|
|a 20111109d2011 k y0rusy50 ca
|
| 101 |
0 |
|
|a rus
|
| 102 |
|
|
|a RU
|
| 105 |
|
|
|a a z 001zy
|
| 200 |
1 |
|
|a Разработка системы бюджетирования как основного элемента управленческого учета в торгово-розничных сетях
|f А. А. Черникова, Ю. Г. Демиденко
|
| 210 |
|
|
|a Старый Оскол
|c ТНТ
|d 2011
|
| 215 |
|
|
|a 264 с.
|c ил.
|
| 320 |
|
|
|a Библиогр.: с. 182-196.
|
| 330 |
|
|
|a В монографии изложены разработанные авторами теоретические и методические рекомендации в области организации управленческого учёта в части бюджетирования коммерческих организаций. В работе предложена концепция, включающая организационные, методические и прикладные аспекты формирования системы бюджетирования в торгово-розничных сетях, что способствует управлению финансовыми результатами как отдельного филиала, так и предприятия в целом. В монографии предлагаются принципы построения системы бюджетирования как инструмента управления финансово-хозяйственной деятельностью организации, определены особенности системы бюджетирования как основы управленческого учёта в сетевых торговых организациях. Авторами изложены методические подходы формирования гибких операционных и финансовых бюджетов, основанные на регрессионном анализе. Разработаны формы управленческой отчётности. Материалы монографии представляют интерес как для руководителей организаций, так и для преподавателей, аспирантов и студентов экономических специальностей.
|
| 606 |
1 |
|
|a Торговые предприятия
|x Экономика
|2 stltpush
|3 (RuTPU)RU\TPU\subj\37085
|9 58233
|
| 606 |
1 |
|
|a Финансовый учет
|2 stltpush
|3 (RuTPU)RU\TPU\subj\63968
|9 80898
|
| 610 |
1 |
|
|a управленческий учет
|
| 610 |
1 |
|
|a бюджетирование
|
| 610 |
1 |
|
|a торгово-розничные сети
|
| 610 |
1 |
|
|a методология
|
| 610 |
1 |
|
|a сетевая торговля
|
| 675 |
|
|
|a 657.22
|v 3
|
| 686 |
|
|
|a У9(2)421
|v LBC/SL-A
|2 rubbk
|
| 700 |
|
1 |
|a Черникова
|b А. А.
|g Алевтина Анатольевна
|
| 701 |
|
1 |
|a Демиденко
|b Ю. Г.
|g Юлия Геннадьевна
|
| 801 |
|
1 |
|a RU
|b 63413507
|c 20111109
|
| 801 |
|
2 |
|a RU
|b 63413507
|c 20150708
|g RCR
|
| 900 |
|
|
|a Бюджетное планирование и налоговая система
|
| 942 |
|
|
|c BK
|